| 000 | 03743cam a2200493 i 4500 | ||
|---|---|---|---|
| 001 | 991061159974806706 | ||
| 003 | ES-BaIT | ||
| 005 | 20260424102727.0 | ||
| 008 | 240715e202402 spca 000 0 spa|c | ||
| 015 |
_aLL2024 _2bnc |
||
| 017 |
_aDL B 1974-2024 _bBiblioteca de Catalunya |
||
| 020 | _a9788412735543 | ||
| 040 |
_aES-BaME _bcat _erda _cES-BaME _dES-BaBC |
||
| 080 |
_a791.83:316.4 _22004 |
||
| 080 |
_a791/793:316.4 _x-052 _x-055.2 _22004 |
||
| 080 |
_a791.83:37.02 _22004 |
||
| 080 |
_a159.923.2:316.4 _x-055.1/.3 _22004 |
||
| 080 | _a791.8 | ||
| 245 | 0 | 0 |
_aCirco social y perspectiva de género : _buna mirada compartida para transformar la práctica / _cGemma Tadeo López (coord.) ; Sonia Ganza Grunvald [ i 4 més ] |
| 250 | _aPrimera edición | ||
| 264 | 1 |
_aEl Masnou : _bNeret Edicions, _cfebrero de 2024 |
|
| 300 |
_a86 pàgines : _bil·lustracions en color ; _c24 cm |
||
| 336 |
_atext _btxt _2rdacontent |
||
| 337 |
_asense mediació _bn _2rdamedia |
||
| 338 |
_avolum _bnc _2rdacarrier |
||
| 490 | 1 | _aArt de fer | |
| 500 | _aDocument fruit del procés de treball realitzat per la taula “Circ i perspectiva de gènere”, emmarcada en la mesura Circ Comunitari del Pla d’Impuls del Circ 2019-2022. | ||
| 504 | _aBibliografia: pàgines 85-86 | ||
| 505 | 8 | _aConté: 1. Introducción -- 2. Glosario -- 2.1 Conceptos relacionados con el sistema sexo-género -- 2.2 Desiguadades y violencias del sistema sexo-género -- 2.3 Otros ejes de desigualdad y discriminación -- 3. Coeducación en los talleres -- 3.1 Ocupación del espacio según el género -- 3.2 Estereotipos de género y técnicas de circo -- 3.3 Rol del equipo formativo -- 3.4 Poner en el centro y dar valor al mundo femenino -- 3.5 Corporalidad de los cuerpos y expresión de género -- 3.6 Uso del lenguaje inclusivo -- 4. Gestión de las violencias -- 5. El proceso creativo -- 6. Fases para implementar la perspectiva de género -- 6.1 Calentamiento: Análisis de la realidad -- 6.2 Pongámonos las pilas: Planificación -- 6.3 Nuevas rutinas: Implementación -- 6.4 Coloquio posfunción: Evaluación -- 7. Bibliografía | |
| 520 | _a"Este libro ofrece definiciones, reflexiones y herramientas para acercar la perspectiva de género a las prácticas artísticas y educativas desde el circo social.Es el fruto del proceso de trabajo llevado a cabo por la mesa «Circo y perspectiva de género» enmarcada en la medida Circo Comunitario del Plan de Impulso del Circo 2019-2022 de la Generalitat de Catalunya.Pero no es solo eso. Para sus impulsoras ha supuesto un espacio de reflexión colectiva donde han compartido, discutido y aprendido conjuntamente, con la intención de transmitir la importancia de aplicar la perspectiva de género en el ámbito del arte y la acción social en general, y en particular en el circo social.Cuando el clamor de los feminismos ha conseguido llegar a todos los debates, es el momento de declarar, como algo imprescindible, que las prácticas artísticas han de revisarse también desde esta perspectiva." -- Contracoberta | ||
| 610 | 0 |
_aAteneu Popular Nou Barris _2lemac _9103090 |
|
| 650 | 0 |
_aArt i acció social _9167994 |
|
| 650 | 0 |
_aArts de l'espectacle _xDiferències entre sexes _2lemac _9157332 |
|
| 650 | 0 |
_aCirc _xAspectes socials _xDiferències entre sexes _2lemac _9169302 |
|
| 650 | 0 |
_aDones en les arts de l'espectacle _xAspectes socials _2lemac _9169303 |
|
| 650 | 0 |
_aCirc _xEnsenyament _2lemac _9131447 |
|
| 650 | 0 |
_aIdentitat de gènere _xAspectes socials _2lemac _9169304 |
|
| 700 | 1 |
_aTadeo López, Gemma _eautor, _ecoordinador _9160199 |
|
| 700 | 1 |
_aGanza Grunvald, Sonia _eautor _9160200 |
|
| 830 |
_aArt de fer _9159979 |
||
| 908 |
_aMEB _aBC _aCDMAE |
||
| 940 | _aCVA2 | ||
| 942 |
_2udc _c1 |
||
| 999 |
_c137402 _d137402 |
||